Rappers by album cover - Statistics

General Stats
  • This quiz has been taken 10,115 times
  • The average score is 11 of 16
Answer Stats
Picture Answer % Correct
Juice WRLD
97%
Kendrick Lamar
96%
Drake
95%
21 Savage
94%
Eminem
85%
Notorious B.I.G
85%
2Pac
74%
Polo G
71%
Pop Smoke
70%
Trippie Redd
70%
Post Malone
67%
YNW Melly
61%
NLE Choppa
39%
XXX Tentacion
28%
Lil Tjay
22%
Central Cee
17%
No matching quizzes found
Score Distribution
Percent of People with Each Score
Percentile by Number Answered
Your Score History
You have not taken this quiz